01383cpcaa2200325 a 4500001001300000003000400013005001700017008004100034010003100075040002400106072001200130100004000142245005400182300001400236506002200250520019900272545007800471546003600549580005700585583008800642600003700730600005400767651005700821650002200878650003000900656002700930656002900957656005400986999001701040mm 79000664 DLC20260227111633.0850606|||||||||||| eng  amm 79000664 zmm 79003209  aDLCcDLCdDLCedacs 7aN2lcmd1 aMercer, Charles Fenton,d1778-1858.00aCharles Fenton Mercer correspondence,f1825-1832. a8fitems.0 aOpen to research.8 aLetter (1825) and correspondence (1832) regarding loans for the Chesapeake and Ohio Canal. Includes an ALS (1832 December 25) from John Peter Van Ness to Phineas Janney pertaining to the loans.0 aU.S. representative from Virginia, U.S. army officer, and canal official. aCollection material in English. aForms part of: Miscellaneous Manuscripts collection. aPortion of the collection formerly cataloged under Washington (D.C.) Letters, 1832.10aJanney, PhineasvCorrespondence.10aVan Ness, John Peter,d1770-1846vCorrespondence. 0aChesapeake and Ohio Canal (Md. and Washington, D.C.) 0aCanalszMaryland. 0aCanalszWashington (D.C.) 7aArmy officers.2itoamc 7aCanal officials.2itoamc 7aRepresentatives, U.S. CongresszVirginia.2itoamc c40518d40518